| 000 | 01150nam0a22002771 4500 | ||
|---|---|---|---|
| 001 | v19\rc\1957149 | ||
| 005 | 20251118180949.1 | ||
| 035 | _a(NLR Aleph) 005041389 | ||
| 090 |
_a6797416 _c6797416 |
||
| 100 | _a20080428d1913 u y0rusy50 ca | ||
| 101 | 0 | _arus | |
| 102 | _aRU | ||
| 105 | _ag z ||||| | ||
| 200 | 1 |
_aБоевые песни русского солдата _e(С прибавл. песен бытовых) _eСб. 184 воен.-ист. песен _e(Для 4-голосного муж. хора) _fСобр. и с голоса на ноты положил Г.М. Попов |
|
| 205 | _a4-е изд., испр. и значит. доп. | ||
| 210 |
_aСанкт-Петербург _cВ. Березовский _d1913 |
||
| 215 |
_aXVI, 3-440 с. _cнот. _d16х23 см |
||
| 700 | 1 |
_7ca _8rus _aПопов _bГ. М. _cпоэт, музыкант, офицер _gГригорий Михайлович _9217272 _3RU\NLR\AUTH\770217328 |
|
| 801 | 0 |
_aRU _bNLR _gpsbo |
|
| 801 | 0 |
_aRU _bRuMoRGB _2psbo |
|
| 801 | 1 |
_aRU _bProSoft-M _2rusmarc |
|
| 852 |
_aNLR _j62-5/2610 |
||
| 899 |
_aRuMoRGB _jΔ 484/72 |
||
| 942 | _cBOOK | ||
| 980 | _aNB | ||